Поведение автоволн вблизи порога распостранения при быстрой диффузии активатора; Журнал экспериментальной и теоретической физики; Т. 125, вып. 2

Bibliografiske detaljer
Parent link:Журнал экспериментальной и теоретической физики=ЖЭТФ/ Российская академия наук (РАН) ; Отделение физических наук РАН.— , 1931-.— 0044-4510
Т. 125, вып. 2.— 2004.— с. 406-413
Hovedforfatter: Довженко А. Ю.
Andre forfattere: Руманов Э. Н.
Sprog:russisk
Udgivet: 2004
Serier:Нелинейная физика
Fag:
Format: MixedMaterials Book Chapter
KOHA link:https://koha.lib.tpu.ru/cgi-bin/koha/opac-detail.pl?biblionumber=431656

MARC

LEADER 00000naa2a2200000 4500
001 431656
005 20231101075412.0
035 |a (RuTPU)RU\TPU\prd\91815 
035 |a RU\TPU\prd\24674 
090 |a 431656 
100 |a 20101202a2004 k y0rusy50 ca 
101 0 |a rus 
102 |a RU 
200 1 |a Поведение автоволн вблизи порога распостранения при быстрой диффузии активатора  |f А. Ю. Довженко, Э. Н. Руманов 
225 1 |a Нелинейная физика 
320 |a Библиогр.: 10 назв. 
461 1 |0 (RuTPU)RU\TPU\prd\1443  |x 0044-4510  |t Журнал экспериментальной и теоретической физики  |l ЖЭТФ  |f Российская академия наук (РАН) ; Отделение физических наук РАН  |d 1931- 
463 1 |0 (RuTPU)RU\TPU\prd\91796  |t Т. 125, вып. 2  |v с. 406-413  |d 2004 
610 1 |a численное моделирование 
610 1 |a автоволны 
610 1 |a диффузионная неустойчивость 
610 1 |a активаторы 
610 1 |a пороги 
610 1 |a распостранение 
700 1 |a Довженко  |b А. Ю. 
701 1 |a Руманов  |b Э. Н. 
801 1 |a RU  |b 63413507  |c 20040401  |g PSBO 
801 2 |a RU  |b 63413507  |c 20101202  |g RCR 
942 |c BK